000
00337nam a2200145Ia 4500
005
20251222153554.0
008
251222s9999||||xx |||||||||||||| ||spa||
020
_a
9788496952089
082
_a
823/K84
100
_a
Krueger, William Kent
245
0
_a
El Susurro del Wéndigo
250
_a
1ra.ed.
264
_b
Pàmies
942
_c
LIB
999
_c
30952
_d
30952